[Event "GER-ch U25"]
[Site "Willingen"]
[Date "2005.05.19"]
[Round "7"]
[White "Winter, Jonathan"]
[Black "Winter, Christopher"]
[Result "1/2-1/2"]
[WhiteElo "1746"]
[BlackElo "1553"]
[PlyCount "59"]
[EventDate "2005.05.14"]
[EventType "swiss"]
[EventRounds "9"]
[EventCountry "GER"]
[SourceTitle "CBM 106 Extra"]
[Source "ChessBase"]
[SourceDate "2005.07.01"]
[SourceVersion "1"]
[SourceVersionDate "2005.07.01"]
[SourceQuality "1"]

1. e4 d5 2. exd5 Qxd5 3. Nc3 Qd8 4. Bc4 Nc6 5. Nf3 Nf6 6. h3 Bf5 7. d3 Na5 8. Bb3 e6 9. 0-0 a6 10. Qe2 Nxb3 11. axb3 Bd6 12. Nd1 0-0 13. Bg5 Be7 14. Re1 Nd5 15. Bxe7 Qxe7 16. Ne3 Nxe3 17. Qxe3 Qf6 18. Qe5 Qxe5 19. Rxe5 f6 20. Rc5 Rac8 21. Nd4 g6 22. g4 e5 23. Nxf5 gxf5 24. gxf5 Kf7 25. Kh2 Rg8 26. Rg1 c6 27. Rc4 h5 28. Rg3 Rg5 29. Rxg5 fxg5 30. h4 1/2-1/2